000 00851cam a22002534a 4500
001 12276759
005 20180202082602.0
008 010111s2001 miua b 100 0 eng
010 _a 2001086350
020 _a1892769182
040 _aDLC
_cDLC
_dDLC
041 _aeng
042 _apcc
043 _an-us---
080 _a628/.74 MAN
082 0 0 _a628/.74 MAN
_221
100 _a9
101 _aMJE
245 1 0 _aOn-site wastewater treatment :
_cedited by Karen Mancl.
504 _aIncludes bibliographical references.
906 _a7
_bcbc
_corignew
_d2
_eepcn
_f20
_gy-gencatlg
942 _2ddc
_cBK
999 _c41690
_d41690